Narrative network: stories approach in a digital age

Gespeichert in:
Bibliographische Detailangaben
1. Verfasser: ALLEYNE, Brian
Format: Buch
Sprache:Englisch
Veröffentlicht: Sage Publications, 2015
Tags: Tag hinzufügen
Keine Tags, Fügen Sie den ersten Tag hinzu!

MARC

LEADER 00000nam a22000007a 4500
008 210416b ||||| |||| 00| 0 eng d
020 |a 978-0-85702-784-9 
100 |a ALLEYNE, Brian. 
245 |a Narrative network:   |b stories approach in a digital age  |c Brian Alleyne  |g xi, 207p. 
260 |b Sage Publications,   |c 2015  |h Los Angeles:   |i 692346   |i 692347   |l H61.295 .Al5  |m Narrative inquiry.  |m Communication and technology. 
500 |a “It includes references and index”. 
942 |a lcc  |c BK  |e Adeniran F. A  |f 16/04/2021 
952 |0 0  |1 0  |2 lcc  |4 0  |6 H0061295 A L5  |7 0  |9 2140  |a HOL  |b SSL  |c GJ  |d 2021-04-16  |l 0  |o H61.295 .Al5  |p 2021-5994  |r 2021-04-16 00:00:00  |w 2021-04-16  |y BK 
952 |0 0  |1 0  |2 lcc  |4 0  |6 H0061295 A L5  |7 0  |9 2141  |a HOL  |b HOL  |c GJ  |d 2021-04-16  |l 0  |o H61.295 .Al5  |p 2021-5995  |r 2021-04-16 00:00:00  |w 2021-04-16  |y BK 
999 |c 1112  |d 1112